Loading...
| Literature - American | 0 | 4 | 0 | 0 | 40 | 67 | 77.00 | 0 | 2 | 0.00 | 0.00 |
| Painting/Sculpture | 0 | 4 | 1 | 1 | 35 | 36 | 80.25 | 1 | 2 | 0.00 | 0.00 |
| Philosophy | 0 | 4 | 1 | 0 | 35 | 38 | 70.00 | 1 | 4 | 0.00 | 0.00 |
| Science - Biology | 0 | 3 | 0 | 2 | 30 | 35 | 76.67 | 0 | 1 | 0.00 | 0.00 |
| Science - Physics | 0 | 2 | 1 | 2 | 15 | 92 | 96.50 | 0 | 0 | 0.00 | 0.00 |
| Fine Arts - Other | 0 | 1 | 0 | 0 | 10 | 63 | 63.00 | 1 | 1 | 0.00 | 0.00 |
| Literature - British | 0 | 2 | 2 | 0 | 10 | 96 | 101.50 | 0 | 1 | 0.00 | 0.00 |
| Literature - World | 0 | 1 | 1 | 1 | 5 | 108 | 108.00 | 0 | 0 | 0.00 | 0.00 |
| Religion | 0 | 1 | 2 | 1 | 0 | 106 | 106.00 | 0 | 1 | 0.00 | 0.00 |
| History - European | 0 | 0 | 0 | 0 | 0 | 0.00 | 0 | 0 | 0.00 | 0.00 | |
| Literature - European | 0 | 1 | 2 | 0 | 0 | 101 | 101.00 | 0 | 0 | 0.00 | 0.00 |
| Social Science | 0 | 0 | 1 | 0 | -5 | 0.00 | 0 | 0 | 0.00 | 0.00 | |
| Mythology | 0 | 0 | 1 | 0 | -5 | 0.00 | 0 | 0 | 0.00 | 0.00 | |
| Science - Chemistry | 0 | 0 | 1 | 0 | -5 | 0.00 | 0 | 0 | 0.00 | 0.00 | |
| Fine Arts - Classical Music | 0 | 0 | 2 | 0 | -10 | 0.00 | 0 | 0 | 0.00 | 0.00 |